000 00989 a2200241 4500
003 Nust
005 20220812110007.0
010 _a 98033848
020 _a0890064814 (alk. paper)
040 _cNust
082 0 0 _a621.38132363,CAM
100 1 _aCamargo, Edmar.
_996954
245 1 0 _aDesign of FET frequency multipliers and harmonic oscillators /
_cEdmar Camargo.
260 _aBoston :
_bArtech House,
_cc1998.
300 _axiii, 215 p. :
_bill. ;
_c24 cm.
440 0 _aArtech House microwave library
_928737
505 _aIntroduction (Page-1), Nonlinear MESFET Models (Page-15), Low Frequency Multiplies (Page-45), High Frequency Multiplies (Page-73), Design Strategies of the Frequency (Page-95), FET Harmonic Oscillators (Page-127), Typical Frequency topologies (Page-145),
650 0 _aField-effect transistors.
_996955
650 0 _aFrequency multipliers.
_996956
650 0 _aMicrowave devices.
_928228
650 0 _aMillimeter wave devices.
_928750
942 _cREF
_2ddc
999 _c175657
_d175657